| 000 | 00845nam a2200253 i 4500 | ||
|---|---|---|---|
| 001 | 382104 | ||
| 005 | 20140302115732.0 | ||
| 008 | 790118t1978 xxkad grb 000 0 eng d | ||
| 020 | _a0566001659 | ||
| 040 |
_aDLC _cDLC _dDLC |
||
| 043 | _ae-uk--- | ||
| 082 | 0 | 4 |
_a658.870941 _222 _bTUC |
| 100 | 1 |
_aTucker, K. A. _935139 |
|
| 245 | 1 | 0 |
_aConcentration and costs in retailing / _cK. A. Tucker. |
| 260 |
_aWestmead, United Kingdom : _bSaxon House, _cc.1978 _eBarry, United Kingdom : _fIlfadrove Limited) |
||
| 300 |
_axii, 175 p. : _bchart, tables ; _c23 cm. |
||
| 500 | _aIncludes appendix. | ||
| 504 | _aBibliography: p. 172-175. | ||
| 650 | 0 |
_aRetail trade _zGreat Britain _935057 |
|
| 650 | 0 |
_aIndustrial concentration _zGreat Britain _935140 |
|
| 653 |
_bBUSADM _cFebruary2014 |
||
| 655 |
_vreading book _934232 |
||
| 942 |
_2ddc _k658.870941 TUC |
||
| 999 |
_c18055 _d18027 |
||